000
00310nam a22001337a 4500
020
_a
978-0-571-21833-2
082
_a
920
_b
PAM/I
100
_a
PAMUK,ORHAN
245
_a
ISTANBUL MEMORIES AND THE CITY
260
_a
LONDON
_b
FABER AND FABER
300
_a
348
650
_a
ISTANBUL MEMORIES
_z
LONDON
942
_c
BK
999
_c
5679
_d
5679